Real housewives of Potomac - Statistics

General Stats
  • This quiz has been taken 140 times
  • The average score is 9 of 10
Answer Stats
Hint Answer % Correct
Has two sons under the age of 3 Ashley
96%
"Word on the street is..." Gizelle
94%
Owner of the business 'Embellished' Robyn
94%
Known as the 'Grand Dame' Karen
92%
Works as a political commentator Wendy
91%
Hosts the reunions Andy
86%
“I’m sorry if I said you were dumb, maybe I meant that you were stupid" Katie
83%
Won Miss United States 2013 Candiace
75%
Has a daughter called Milani Monique
74%
Married to Eddie Jordan Charisse
68%
No matching quizzes found
Score Distribution
Percent of People with Each Score
Percentile by Number Answered
Your Score History
You have not taken this quiz